Future shock.
Enregistré dans:
| Auteur principal: | |
|---|---|
| Format: | Livre |
| Langue: | Undetermined |
| Publié: |
New York
Random House
1970
|
| Sujets: | |
| Tags: |
Ajouter un tag
Pas de tags, Soyez le premier à ajouter un tag!
|
| Thư viện lưu trữ: | Trung tâm Học liệu Trường Đại học Cần Thơ |
|---|
| LEADER | 00537nam a2200193Ia 4500 | ||
|---|---|---|---|
| 001 | CTU_98899 | ||
| 008 | 210402s9999 xx 000 0 und d | ||
| 082 | |a 301.24 | ||
| 082 | |b T644 | ||
| 100 | |a Toffler, Alvin | ||
| 245 | 0 | |a Future shock. | |
| 245 | 0 | |c Alvin Toffler | |
| 260 | |a New York | ||
| 260 | |b Random House | ||
| 260 | |c 1970 | ||
| 650 | |a Social history,Social change.,Civilization, modern,Regression (civilization) | ||
| 650 | |y 1945-,1950- | ||
| 904 | |i Năm | ||
| 980 | |a Trung tâm Học liệu Trường Đại học Cần Thơ | ||